[Event "V. Dvorkovich Cup 2015 juniors"]
[Site "Moscow"]
[Date "2015.06.27"]
[Round "5.15"]
[White "Parvanyan ARM, Ashot"]
[Black "Elistratov RUS, Semen"]
[Result "1-0"]
[LiveChessVersion "1.4.4"]
[BlackElo "2311"]
[WhiteElo "2168"]

1. Nf3 {[%clk 1:30:49]} d5 {[%clk 1:30:33]} 2. g3 {[%clk 1:30:34]} Nf6
{[%clk 1:30:58]} 3. Bg2 {[%clk 1:30:43]} c6 {[%clk 1:30:54]} 4. O-O
{[%clk 1:29:11]} Bf5 {[%clk 1:31:18]} 5. c4 {[%clk 1:29:19]} e6 {[%clk 1:30:57]}
6. cxd5 {[%clk 1:29:43]} exd5 {[%clk 1:31:23]} 7. d3 {[%clk 1:30:05]} Nbd7
{[%clk 1:31:08]} 8. Nc3 {[%clk 1:30:00]} Be7 {[%clk 1:30:41]} 9. e4
{[%clk 1:29:51]} dxe4 {[%clk 1:29:54]} 10. dxe4 {[%clk 1:30:01]} Nxe4
{[%clk 1:29:53]} 11. Nd4 {[%clk 1:30:21]} Nxc3 {[%clk 1:30:19]} 12. bxc3
{[%clk 1:30:43]} Bg6 {[%clk 1:30:47]} 13. Re1 {[%clk 1:30:50]} O-O
{[%clk 1:30:47]} 14. Bxc6 {[%clk 1:31:12]} Qc8 {[%clk 1:30:50]} 15. Rxe7
{[%clk 1:23:02]} bxc6 {[%clk 1:30:45]} 16. Qf3 {[%clk 1:20:41]} c5
{[%clk 1:18:58]} 17. Nb3 {[%clk 0:53:48]} Re8 {[%clk 1:04:14]} 18. Bg5
{[%clk 0:39:52]} Ne5 {[%clk 0:40:18]} 19. Qd5 {[%clk 0:39:20]} Qf5
{[%clk 0:35:40]} 20. Re1 {[%clk 0:34:53]} h6 {[%clk 0:21:47]} 21. R7xe5
{[%clk 0:22:10]} Rxe5 {[%clk 0:21:58]} 22. Rxe5 {[%clk 0:19:55]} Qb1+
{[%clk 0:22:12]} 23. Nc1 {[%clk 0:20:19]} Rc8 {[%clk 0:20:57]} 24. Bf4
{[%clk 0:19:05]} Qb6 {[%clk 0:20:15]} 25. Qd7 {[%clk 0:18:33]} Rd8
{[%clk 0:20:42]} 26. Re8+ {[%clk 0:18:56]} Rxe8 {[%clk 0:21:10]} 27. Qxe8+
{[%clk 0:19:14]} Kh7 {[%clk 0:21:39]} 28. Qe5 {[%clk 0:18:22]} Qd8
{[%clk 0:21:40]} 29. Qd6 {[%clk 0:14:37]} Qe8 {[%clk 0:20:49]} 30. Be3
{[%clk 0:14:21]} Qe4 {[%clk 0:20:16]} 31. Qd1 {[%clk 0:10:56]} Qc4
{[%clk 0:19:05]} 32. Qd2 {[%clk 0:08:41]} Bf5 {[%clk 0:18:37]} 33. f3
{[%clk 0:08:33]} h5 {[%clk 0:18:12]} 34. Kg2 {[%clk 0:07:15]} Qe6
{[%clk 0:18:35]} 35. Ne2 {[%clk 0:05:56]} Bh3+ {[%clk 0:18:38]} 36. Kf2
{[%clk 0:06:13]} Qc4 {[%clk 0:18:45]} 37. Qd6 {[%clk 0:05:56]} Qxa2
{[%clk 0:18:42]} 38. Qxc5 {[%clk 0:06:10]} g6 {[%clk 0:19:04]} 39. Qxa7
{[%clk 0:06:10]} Qb3 {[%clk 0:19:02]} 40. Bd4 {[%clk 0:35:31]} 1-0

[Event "V. Dvorkovich Cup 2015 juniors"]
[Site "Moscow"]
[Date "2015.06.27"]
[Round "5.16"]
[White "Dordzhieva RUS, Dinara"]
[Black "Ghukasyan ARM, Siranush"]
[Result "1/2-1/2"]
[LiveChessVersion "1.4.4"]
[BlackElo "2054"]
[WhiteElo "2263"]

1. d4 {[%clk 1:29:53]} d5 {[%clk 1:30:56]} 2. c4 {[%clk 1:30:19]} e6
{[%clk 1:31:23]} 3. Nf3 {[%clk 1:30:46]} Nf6 {[%clk 1:31:39]} 4. Nc3
{[%clk 1:31:06]} Be7 {[%clk 1:30:51]} 5. g3 {[%clk 1:31:31]} O-O {[%clk 1:30:52]}
6. Bg2 {[%clk 1:31:55]} b6 {[%clk 1:30:57]} 7. O-O {[%clk 1:26:31]} Bb7
{[%clk 1:31:15]} 8. b3 {[%clk 1:24:34]} Nbd7 {[%clk 1:31:12]} 9. Bb2
{[%clk 1:23:56]} c5 {[%clk 1:28:18]} 10. cxd5 {[%clk 1:19:50]} Nxd5
{[%clk 1:25:22]} 11. Na4 {[%clk 1:13:56]} cxd4 {[%clk 1:09:51]} 12. Nxd4
{[%clk 1:13:17]} Nc5 {[%clk 1:06:25]} 13. Nxc5 {[%clk 1:08:52]} Bxc5
{[%clk 1:06:02]} 14. a3 {[%clk 1:04:46]} a5 {[%clk 1:03:21]} 15. e3
{[%clk 1:03:52]} Rc8 {[%clk 1:00:14]} 16. Qe2 {[%clk 0:58:49]} Qe7
{[%clk 0:58:43]} 17. h4 {[%clk 0:57:15]} Rfd8 {[%clk 0:51:00]} 18. Rfd1
{[%clk 0:56:39]} Qf8 {[%clk 0:40:25]} 19. h5 {[%clk 0:50:49]} h6 {[%clk 0:38:48]}
20. Rd2 {[%clk 0:47:15]} Be7 {[%clk 0:31:01]} 21. Rc2 {[%clk 0:37:08]} Rxc2
{[%clk 0:22:17]} 22. Qxc2 {[%clk 0:37:08]} Rc8 {[%clk 0:22:25]} 23. Qd3
{[%clk 0:33:13]} Qd8 {[%clk 0:16:59]} 24. Rd1 {[%clk 0:31:39]} Qc7
{[%clk 0:14:26]} 25. Bh3 {[%clk 0:24:49]} Nf6 {[%clk 0:12:26]} 26. Qe2
{[%clk 0:23:27]} Rd8 {[%clk 0:11:56]} 27. g4 {[%clk 0:18:28]} Qd7
{[%clk 0:07:55]} 28. Rf1 {[%clk 0:16:40]} Ne4 {[%clk 0:06:30]} 29. Bg2
{[%clk 0:15:10]} Bf6 {[%clk 0:05:07]} 30. Rc1 {[%clk 0:08:38]} Ng5
{[%clk 0:03:59]} 31. Nc6 {[%clk 0:05:56]} Rc8 {[%clk 0:00:39]} 32. Bxf6
{[%clk 0:04:20]} Bxc6 33. Bxg5 {[%clk 0:03:15]} Bxg2 {[%clk 0:00:41]} 34. Rxc8+
{[%clk 0:03:21]} Qxc8 {[%clk 0:01:10]} 35. Kxg2 {[%clk 0:00:52]} hxg5
{[%clk 0:01:40]} 36. Qb5 {[%clk 0:00:34]} Qa8+ {[%clk 0:01:37]} 37. Kg3
{[%clk 0:00:40]} Qb8+ {[%clk 0:01:47]} 38. Kg2 {[%clk 0:01:02]} Qa8+
{[%clk 0:02:13]} 39. Kg3 {[%clk 0:01:06]} Qb8+ {[%clk 0:02:41]} 40. Kh3
{[%clk 0:30:53]} Qd8 {[%clk 0:32:34]} 41. Kg3 {[%clk 0:23:27]} Qb8+
{[%clk 0:33:02]} 42. Kf3 {[%clk 0:23:49]} Qd8 {[%clk 0:32:43]} 43. Ke2
{[%clk 0:23:57]} Kf8 {[%clk 0:31:57]} 44. Qe5 {[%clk 0:23:16]} Kg8 45. Qd4
{[%clk 0:20:10]} Qc7 {[%clk 0:30:14]} 46. Kd3 {[%clk 0:19:31]} Kf8
{[%clk 0:25:17]} 47. Kd2 {[%clk 0:18:47]} Kg8 {[%clk 0:24:38]} 48. a4
{[%clk 0:18:13]} Kf8 {[%clk 0:23:29]} 49. Kd3 {[%clk 0:18:04]} Kg8
{[%clk 0:23:39]} 50. Qc4 {[%clk 0:16:27]} Qd6+ {[%clk 0:23:38]} 51. Qd4
{[%clk 0:16:02]} Qc7 {[%clk 0:23:36]} 52. f3 {[%clk 0:16:29]} Qc6
{[%clk 0:21:24]} 53. Qe4 {[%clk 0:14:43]} Qd6+ {[%clk 0:21:40]} 54. Kc3
{[%clk 0:14:48]} Qc5+ {[%clk 0:21:54]} 55. Kd2 {[%clk 0:14:56]} Qd6+
{[%clk 0:22:14]} 56. Ke2 {[%clk 0:13:04]} Qh2+ {[%clk 0:22:27]} 57. Kd3
{[%clk 0:13:24]} Qd6+ {[%clk 0:22:55]} 58. Qd4 {[%clk 0:13:47]} Qc6
{[%clk 0:23:14]} 59. e4 {[%clk 0:13:05]} Qc7 {[%clk 0:22:50]} 60. e5
{[%clk 0:12:28]} Qc6 {[%clk 0:22:27]} 61. Qe4 {[%clk 0:10:41]} 1/2-1/2

[Event "V. Dvorkovich Cup 2015 juniors"]
[Site "Moscow"]
[Date "2015.06.29"]
[Round "6.1"]
[White "Sibashvili GEO, Giorgi"]
[Black "Vavulin RUS, Maksim"]
[Result "0-1"]
[LiveChessVersion "1.4.4"]
[BlackElo "2445"]
[WhiteElo "2388"]

1. d4 {[%clk 1:30:57]} g6 {[%clk 1:30:45]} 2. e4 {[%clk 1:30:39]} Bg7
{[%clk 1:31:10]} 3. Nc3 {[%clk 1:31:02]} d6 {[%clk 1:31:29]} 4. f4
{[%clk 1:30:31]} a6 {[%clk 1:31:46]} 5. Nf3 {[%clk 1:27:37]} b5 {[%clk 1:31:52]}
6. Bd3 {[%clk 1:24:17]} Nd7 {[%clk 1:29:09]} 7. e5 {[%clk 1:06:49]} c5
{[%clk 1:28:44]} 8. Be4 {[%clk 0:59:28]} Rb8 {[%clk 1:29:00]} 9. dxc5
{[%clk 0:58:21]} Nxc5 {[%clk 1:22:06]} 10. Bc6+ {[%clk 0:55:51]} Bd7
{[%clk 1:22:30]} 11. Bxd7+ {[%clk 0:55:39]} Qxd7 {[%clk 1:22:53]} 12. O-O
{[%clk 0:43:50]} b4 {[%clk 1:14:20]} 13. Ne2 {[%clk 0:41:26]} Nh6
{[%clk 1:11:52]} 14. exd6 {[%clk 0:38:22]} exd6 {[%clk 1:09:20]} 15. a3
{[%clk 0:30:20]} O-O {[%clk 0:48:07]} 16. axb4 {[%clk 0:30:00]} Rxb4
{[%clk 0:48:32]} 17. c3 {[%clk 0:28:59]} Rbb8 {[%clk 0:47:18]} 18. Ned4
{[%clk 0:17:15]} Rfe8 {[%clk 0:42:34]} 19. b4 {[%clk 0:14:47]} Ne6
{[%clk 0:30:38]} 20. Qd3 {[%clk 0:07:49]} Nxd4 {[%clk 0:29:55]} 21. Nxd4
{[%clk 0:06:01]} Bxd4+ {[%clk 0:27:28]} 22. Qxd4 {[%clk 0:06:26]} Nf5
{[%clk 0:27:52]} 23. Qd3 {[%clk 0:03:13]} Qb5 {[%clk 0:25:29]} 24. Qxb5
{[%clk 0:01:58]} axb5 {[%clk 0:25:58]} 25. Kf2 {[%clk 0:01:53]} h5
{[%clk 0:22:46]} 26. Bd2 {[%clk 0:01:17]} d5 {[%clk 0:12:21]} 27. Ra6
{[%clk 0:01:32]} Re4 28. Re1 {[%clk 0:00:50]} Rc4 {[%clk 0:08:03]} 29. Re5
{[%clk 0:00:36]} Rd8 {[%clk 0:08:33]} 30. g3 {[%clk 0:00:32]} Nd6
{[%clk 0:04:41]} 31. Ke2 {[%clk 0:00:35]} Ne4 {[%clk 0:04:31]} 32. Ra3
{[%clk 0:00:38]} d4 {[%clk 0:02:59]} 33. cxd4 {[%clk 0:00:31]} Nxd2
{[%clk 0:03:00]} 34. Kxd2 {[%clk 0:00:59]} Rcxd4+ {[%clk 0:03:16]} 35. Ke3
{[%clk 0:01:01]} Rxb4 {[%clk 0:03:41]} 36. f5 {[%clk 0:00:54]} Rb1
{[%clk 0:02:45]} 37. Kf4 {[%clk 0:00:34]} f6 {[%clk 0:02:21]} 38. Rc5
{[%clk 0:00:36]} Rf1+ {[%clk 0:02:07]} 39. Ke4 {[%clk 0:00:31]} Re8+
{[%clk 0:02:32]} 40. Kd5 {[%clk 0:30:32]} Rxf5+ {[%clk 0:32:18]} 41. Kd6
{[%clk 0:30:36]} Rd8+ {[%clk 0:27:27]} 42. Ke7 {[%clk 0:30:51]} Rxc5
{[%clk 0:27:52]} 43. Kxd8 {[%clk 0:31:17]} Kg7 {[%clk 0:26:13]} 44. Ke7
{[%clk 0:31:21]} g5 {[%clk 0:25:43]} 0-1

[Event "V. Dvorkovich Cup 2015 juniors"]
[Site "Moscow"]
[Date "2015.06.29"]
[Round "6.2"]
[White "Khanin RUS, Semen"]
[Black "Tutisani GEO, Noe"]
[Result "0-1"]
[LiveChessVersion "1.4.4"]
[BlackElo "2300"]
[WhiteElo "2405"]

1. e4 {[%clk 1:29:42]} c5 {[%clk 1:30:45]} 2. Nf3 {[%clk 1:30:06]} d6
{[%clk 1:30:55]} 3. Bb5+ {[%clk 1:30:31]} Bd7 {[%clk 1:31:19]} 4. c4
{[%clk 1:30:55]} Nf6 {[%clk 1:18:35]} 5. Nc3 {[%clk 1:31:20]} e5 {[%clk 1:16:49]}
6. Bxd7+ {[%clk 1:31:32]} Qxd7 {[%clk 1:15:56]} 7. O-O {[%clk 1:31:16]} Be7
{[%clk 1:12:46]} 8. Rb1 {[%clk 1:30:44]} Nc6 {[%clk 1:11:41]} 9. d3
{[%clk 1:26:25]} h6 {[%clk 1:06:52]} 10. a3 {[%clk 1:26:02]} O-O {[%clk 1:01:47]}
11. b4 {[%clk 1:24:23]} b6 {[%clk 1:00:17]} 12. h3 {[%clk 1:15:52]} Nd4
{[%clk 0:57:50]} 13. Be3 {[%clk 1:13:18]} a6 {[%clk 0:53:09]} 14. bxc5
{[%clk 0:59:31]} bxc5 {[%clk 0:53:29]} 15. Bxd4 {[%clk 0:54:24]} cxd4
{[%clk 0:53:20]} 16. Na4 {[%clk 0:51:14]} Rab8 {[%clk 0:53:37]} 17. Qc2
{[%clk 0:50:21]} Qc6 {[%clk 0:54:02]} 18. Nd2 {[%clk 0:41:58]} Nd7
{[%clk 0:54:12]} 19. Rxb8 {[%clk 0:42:17]} Rxb8 {[%clk 0:54:37]} 20. Rb1
{[%clk 0:42:45]} Rxb1+ {[%clk 0:52:29]} 21. Nxb1 {[%clk 0:43:07]} Bg5
{[%clk 0:52:36]} 22. Qb3 {[%clk 0:37:50]} g6 {[%clk 0:52:37]} 23. Qb4
{[%clk 0:35:18]} Kg7 {[%clk 0:51:15]} 24. Nb2 {[%clk 0:33:14]} Bc1
{[%clk 0:51:24]} 25. Na4 {[%clk 0:30:05]} f5 {[%clk 0:50:16]} 26. f3
{[%clk 0:30:13]} fxe4 {[%clk 0:46:43]} 27. fxe4 {[%clk 0:30:28]} Be3+
{[%clk 0:39:21]} 28. Kf1 {[%clk 0:24:58]} Qc7 {[%clk 0:17:28]} 29. Nd2
{[%clk 0:21:26]} a5 {[%clk 0:17:42]} 30. Qb2 {[%clk 0:21:20]} Qc6
{[%clk 0:18:11]} 31. Qb5 {[%clk 0:19:09]} Qxb5 {[%clk 0:18:36]} 32. cxb5
{[%clk 0:19:34]} Bxd2 {[%clk 0:19:04]} 33. b6 {[%clk 0:19:56]} Kf7
{[%clk 0:17:46]} 34. b7 {[%clk 0:20:20]} Nb8 {[%clk 0:18:00]} 35. Nb6
{[%clk 0:20:44]} Ke7 {[%clk 0:17:54]} 36. Nd5+ {[%clk 0:20:58]} Kd7
{[%clk 0:18:17]} 37. a4 {[%clk 0:21:09]} Bg5 {[%clk 0:18:19]} 38. Nb6+
{[%clk 0:21:22]} Kc6 {[%clk 0:18:43]} 39. Nc4 {[%clk 0:21:35]} Bd8
{[%clk 0:19:05]} 0-1

[Event "V. Dvorkovich Cup 2015 juniors"]
[Site "Moscow"]
[Date "2015.06.29"]
[Round "6.3"]
[White "Ghvamberia GEO, Nika"]
[Black "Elistratov RUS, Semen"]
[Result "1/2-1/2"]
[LiveChessVersion "1.4.4"]
[BlackElo "2311"]
[WhiteElo "2133"]

1. e4 {[%clk 1:30:57]} c5 {[%clk 1:29:09]} 2. Nf3 {[%clk 1:31:20]} d6
{[%clk 1:29:25]} 3. d4 {[%clk 1:31:45]} cxd4 {[%clk 1:29:48]} 4. Nxd4
{[%clk 1:32:09]} Nf6 {[%clk 1:30:16]} 5. Nc3 {[%clk 1:32:32]} a6 {[%clk 1:30:43]}
6. Bg5 {[%clk 1:32:38]} Nbd7 {[%clk 1:30:50]} 7. Bc4 {[%clk 1:30:59]} e6
{[%clk 1:31:00]} 8. Qe2 {[%clk 1:30:57]} b5 {[%clk 1:30:46]} 9. Bxe6
{[%clk 1:17:51]} fxe6 {[%clk 1:31:10]} 10. Nxe6 {[%clk 1:18:18]} Qa5
{[%clk 1:31:29]} 11. O-O-O {[%clk 1:16:10]} Kf7 {[%clk 1:27:22]} 12. Nxf8
{[%clk 1:14:48]} Rxf8 {[%clk 1:26:29]} 13. Rxd6 {[%clk 1:12:21]} Re8
{[%clk 1:19:57]} 14. f4 {[%clk 0:47:04]} Qc7 {[%clk 1:04:42]} 15. Rhd1
{[%clk 0:40:13]} b4 {[%clk 0:50:01]} 16. Bxf6 {[%clk 0:33:08]} Nxf6
{[%clk 0:46:20]} 17. Rxf6+ {[%clk 0:31:36]} gxf6 {[%clk 0:45:13]} 18. Nd5
{[%clk 0:32:02]} Qc6 {[%clk 0:32:35]} 19. Qh5+ {[%clk 0:32:19]} Kg7
{[%clk 0:31:25]} 20. Nxf6 {[%clk 0:15:59]} Qxf6 {[%clk 0:24:34]} 21. Qxe8
{[%clk 0:16:22]} Bg4 {[%clk 0:21:23]} 22. Qxa8 {[%clk 0:16:07]} Qxf4+
{[%clk 0:21:49]} 23. Kb1 {[%clk 0:16:31]} Bxd1 {[%clk 0:22:12]} 24. Qb7+
{[%clk 0:16:27]} Qf7 {[%clk 0:21:44]} 25. Qxb4 {[%clk 0:15:11]} Qf1
{[%clk 0:21:03]} 26. Qe7+ {[%clk 0:15:12]} Kg6 {[%clk 0:20:38]} 27. Qd6+
{[%clk 0:14:56]} Kg7 {[%clk 0:20:02]} 28. Qd7+ {[%clk 0:15:09]} Kg8
{[%clk 0:19:25]} 29. Qd8+ {[%clk 0:15:34]} Kf7 {[%clk 0:18:54]} 30. Qd7+
{[%clk 0:16:00]} Kg8 {[%clk 0:19:20]} 31. Qd8+ {[%clk 0:16:25]} Kf7
{[%clk 0:19:42]} 32. Qd7+ {[%clk 0:16:48]} 1/2-1/2

[Event "V. Dvorkovich Cup 2015 juniors"]
[Site "Moscow"]
[Date "2015.06.29"]
[Round "6.4"]
[White "Dordzhieva RUS, Dinara"]
[Black "Khomeriki GEO, Nino"]
[Result "1-0"]
[LiveChessVersion "1.4.4"]
[BlackElo "2244"]
[WhiteElo "2263"]

1. Nf3 {[%clk 1:30:26]} c5 {[%clk 1:30:32]} 2. e4 {[%clk 1:29:33]} d6
{[%clk 1:29:41]} 3. c3 {[%clk 1:29:20]} Nf6 {[%clk 1:23:16]} 4. Be2
{[%clk 1:29:44]} g6 {[%clk 1:22:32]} 5. O-O {[%clk 1:28:51]} Bg7 {[%clk 1:22:44]}
6. Re1 {[%clk 1:24:06]} O-O {[%clk 1:23:00]} 7. Bf1 {[%clk 1:24:33]} Nc6
{[%clk 1:20:32]} 8. h3 {[%clk 1:24:55]} e5 {[%clk 1:04:48]} 9. d3
{[%clk 1:14:22]} d5 {[%clk 1:02:07]} 10. Nbd2 {[%clk 1:13:24]} h6
{[%clk 0:51:26]} 11. a4 {[%clk 1:10:30]} Re8 {[%clk 0:49:47]} 12. g3
{[%clk 1:06:36]} Be6 {[%clk 0:48:54]} 13. exd5 {[%clk 1:06:45]} Nxd5
{[%clk 0:47:35]} 14. Nc4 {[%clk 1:07:04]} Qc7 {[%clk 0:47:52]} 15. a5
{[%clk 1:05:22]} Rad8 {[%clk 0:45:37]} 16. Qa4 {[%clk 1:05:40]} Bd7
{[%clk 0:37:07]} 17. Qb3 {[%clk 0:59:50]} Kh7 {[%clk 0:34:59]} 18. Ne3
{[%clk 0:45:15]} Be6 {[%clk 0:31:00]} 19. Qa4 {[%clk 0:43:38]} Nf6
{[%clk 0:28:53]} 20. Qb5 {[%clk 0:37:59]} Qd7 {[%clk 0:22:34]} 21. Qxc5
{[%clk 0:31:54]} Bxh3 {[%clk 0:16:44]} 22. Be2 {[%clk 0:31:09]} e4
{[%clk 0:16:14]} 23. dxe4 {[%clk 0:30:54]} Nxe4 {[%clk 0:16:38]} 24. Qc4
{[%clk 0:29:45]} Qc7 {[%clk 0:13:50]} 25. Nd5 {[%clk 0:24:07]} Rxd5
{[%clk 0:11:46]} 26. Qxd5 {[%clk 0:24:32]} Nxg3 {[%clk 0:11:46]} 27. Bc4
{[%clk 0:20:06]} Rxe1+ {[%clk 0:10:56]} 28. Nxe1 {[%clk 0:20:33]} Ne5
{[%clk 0:02:45]} 29. Bb5 {[%clk 0:12:37]} Nh5 {[%clk 0:02:22]} 30. Bf1
{[%clk 0:09:20]} Be6 {[%clk 0:01:09]} 31. Qg2 {[%clk 0:05:41]} Qd7
{[%clk 0:01:18]} 32. Be3 {[%clk 0:05:28]} Bd5 {[%clk 0:01:02]} 33. Qh3
{[%clk 0:05:51]} Be6 {[%clk 0:01:21]} 34. Qh1 {[%clk 0:04:12]} Ng4
{[%clk 0:00:47]} 35. Bxa7 {[%clk 0:03:59]} Be5 {[%clk 0:00:45]} 36. Nf3
{[%clk 0:03:55]} Bf4 {[%clk 0:00:49]} 37. Bd4 {[%clk 0:01:32]} Bd5
{[%clk 0:00:38]} 38. Bg2 {[%clk 0:01:32]} Bc4 {[%clk 0:00:33]} 39. Re1
{[%clk 0:01:32]} Qf5 {[%clk 0:00:39]} 40. Qh3 {[%clk 0:30:33]} Be6
{[%clk 0:30:53]} 41. Qh4 {[%clk 0:20:25]} f6 {[%clk 0:12:54]} 42. Bh3
{[%clk 0:17:16]} Bd6 {[%clk 0:00:37]} 43. Rxe6 {[%clk 0:13:19]} Qb1+
{[%clk 0:01:06]} 44. Re1 {[%clk 0:13:18]} Bh2+ {[%clk 0:01:25]} 45. Kh1
{[%clk 0:13:36]} 1-0

[Event "V. Dvorkovich Cup 2015 juniors"]
[Site "Moscow"]
[Date "2015.06.29"]
[Round "6.5"]
[White "Pranavananda IND, V"]
[Black "Barseghyan ARM, Harutyun"]
[Result "1/2-1/2"]
[LiveChessVersion "1.4.4"]
[BlackElo "2218"]
[WhiteElo "2246"]

1. b3 {[%clk 1:29:53]} c5 {[%clk 1:30:17]} 2. Bb2 {[%clk 1:29:43]} d5
{[%clk 1:30:34]} 3. e3 {[%clk 1:29:37]} Nc6 {[%clk 1:30:57]} 4. Bb5
{[%clk 1:29:23]} Qb6 {[%clk 1:30:54]} 5. Bxc6+ {[%clk 1:26:47]} Qxc6
{[%clk 1:29:44]} 6. Nf3 {[%clk 1:26:53]} Nf6 {[%clk 1:29:56]} 7. d3
{[%clk 1:24:07]} e6 {[%clk 1:30:11]} 8. Nbd2 {[%clk 1:24:18]} b5 {[%clk 1:30:31]}
9. Ne5 {[%clk 1:19:39]} Qc7 {[%clk 1:30:57]} 10. f4 {[%clk 1:20:02]} Bb7
{[%clk 1:31:02]} 11. Qe2 {[%clk 1:15:25]} Be7 {[%clk 1:30:37]} 12. O-O
{[%clk 1:15:20]} Rd8 {[%clk 1:28:46]} 13. c4 {[%clk 1:12:42]} bxc4
{[%clk 1:27:44]} 14. bxc4 {[%clk 1:07:17]} O-O {[%clk 1:27:53]} 15. Ng4
{[%clk 0:58:47]} Ne8 {[%clk 1:20:42]} 16. f5 {[%clk 0:49:15]} exf5
{[%clk 1:17:21]} 17. Rxf5 {[%clk 0:49:32]} f6 {[%clk 1:17:41]} 18. cxd5
{[%clk 0:28:12]} Bxd5 {[%clk 1:14:13]} 19. Nf2 {[%clk 0:12:54]} Bf7
{[%clk 1:01:20]} 20. e4 {[%clk 0:09:56]} Nd6 {[%clk 0:59:28]} 21. Rf3
{[%clk 0:10:15]} Nb5 {[%clk 0:57:04]} 22. e5 {[%clk 0:09:20]} Nd4
{[%clk 0:54:19]} 23. Bxd4 {[%clk 0:09:47]} Rxd4 {[%clk 0:54:42]} 24. exf6
{[%clk 0:05:39]} Bxf6 {[%clk 0:54:50]} 25. Rf1 {[%clk 0:05:31]} Bh5
{[%clk 0:37:34]} 26. g4 {[%clk 0:05:19]} Bxg4 {[%clk 0:33:21]} 27. Nxg4
{[%clk 0:05:47]} Rxg4+ {[%clk 0:33:43]} 28. Kh1 {[%clk 0:06:15]} Qc6
{[%clk 0:26:45]} 29. Ne4 {[%clk 0:06:17]} Rg6 {[%clk 0:24:37]} 30. Rf5
{[%clk 0:05:20]} c4 {[%clk 0:14:14]} 31. Qf3 {[%clk 0:03:33]} Qe6
{[%clk 0:11:51]} 32. dxc4 {[%clk 0:02:52]} Qxc4 {[%clk 0:11:33]} 33. a3
{[%clk 0:00:43]} h6 {[%clk 0:07:53]} 34. Rc5 {[%clk 0:00:37]} Qe6
{[%clk 0:07:53]} 35. Rf5 {[%clk 0:00:38]} Kh7 {[%clk 0:07:15]} 36. Nc5
{[%clk 0:00:39]} Qd6 {[%clk 0:05:05]} 37. Qe4 {[%clk 0:00:37]} Be7
{[%clk 0:03:53]} 38. Rxf8 {[%clk 0:00:42]} Bxf8 {[%clk 0:04:20]} 39. Nd3
{[%clk 0:00:38]} Kg8 {[%clk 0:04:13]} 40. Nf4 {[%clk 0:30:36]} Qc6
{[%clk 0:32:13]} 41. Nd5 {[%clk 0:26:42]} Qe6 {[%clk 0:22:33]} 42. Qf3
{[%clk 0:23:19]} Bd6 {[%clk 0:22:47]} 43. Nf4 {[%clk 0:08:31]} Bxf4
{[%clk 0:21:54]} 44. Qxf4 {[%clk 0:08:58]} Qc6+ {[%clk 0:16:02]} 45. Qf3
{[%clk 0:09:21]} Qc2 {[%clk 0:16:16]} 46. Rf2 {[%clk 0:09:04]} Qc1+
{[%clk 0:16:07]} 47. Rf1 {[%clk 0:09:32]} Qg5 {[%clk 0:15:50]} 48. Qa8+
{[%clk 0:06:48]} Kh7 {[%clk 0:16:18]} 49. Qe4 {[%clk 0:07:11]} Qc5
{[%clk 0:15:35]} 50. a4 {[%clk 0:03:42]} Qg5 {[%clk 0:15:25]} 51. Rd1
{[%clk 0:01:55]} Qc5 {[%clk 0:15:16]} 52. Rf1 {[%clk 0:01:34]} Qg5
{[%clk 0:13:37]} 53. Rd1 {[%clk 0:01:54]} Qg4 {[%clk 0:13:43]} 54. Re1
{[%clk 0:02:14]} a6 {[%clk 0:12:50]} 55. Qxg4 Rxg4 56. Ra1 {[%clk 0:02:17]} Kg6
{[%clk 0:13:26]} 57. h3 {[%clk 0:02:44]} Rb4 {[%clk 0:13:49]} 58. Rg1+
{[%clk 0:02:40]} Kh7 {[%clk 0:13:58]} 59. Ra1 {[%clk 0:02:23]} g5
{[%clk 0:14:08]} 60. a5 {[%clk 0:02:23]} Rb5 {[%clk 0:14:28]} 61. Kg2 Kg6 62. Ra4
{[%clk 0:01:07]} Kf5 {[%clk 0:15:25]} 63. Ra3 {[%clk 0:00:59]} h5
{[%clk 0:15:43]} 64. Kg3 {[%clk 0:01:09]} Ke4 {[%clk 0:15:52]} 65. h4
{[%clk 0:00:39]} g4 {[%clk 0:15:48]} 66. Ra4+ {[%clk 0:00:36]} Ke3
{[%clk 0:16:07]} 67. Ra3+ {[%clk 0:00:40]} Ke4 {[%clk 0:16:03]} 68. Ra4+
{[%clk 0:01:06]} Kd3 {[%clk 0:16:32]} 69. Rf4 {[%clk 0:00:47]} Rxa5
{[%clk 0:16:53]} 70. Rf6 {[%clk 0:01:15]} Ke4 {[%clk 0:15:58]} 71. Re6+
{[%clk 0:00:45]} Kf5 {[%clk 0:15:52]} 72. Rh6 {[%clk 0:01:08]} Ke4
{[%clk 0:15:49]} 73. Re6+ {[%clk 0:01:28]} Kd4 {[%clk 0:13:02]} 74. Rd6+
{[%clk 0:01:45]} Ke3 {[%clk 0:12:04]} 75. Re6+ {[%clk 0:01:52]} Kd3
{[%clk 0:12:26]} 76. Kf4 {[%clk 0:00:44]} Kd2 {[%clk 0:12:52]} 77. Rg6
{[%clk 0:00:38]} Kd3 {[%clk 0:12:01]} 78. Re6 {[%clk 0:00:34]} Kd2
{[%clk 0:09:36]} 79. Kg3 {[%clk 0:00:47]} Rf5 {[%clk 0:07:53]} 80. Rxa6
{[%clk 0:00:56]} Rf3+ {[%clk 0:08:21]} 81. Kg2 {[%clk 0:01:23]} Rh3
{[%clk 0:08:39]} 82. Ra5 {[%clk 0:01:34]} Rxh4 {[%clk 9:06:23]} 83. Ra3
{[%clk 0:02:03]} Ke2 {[%clk 0:08:11]} 84. Rg3 {[%clk 0:02:30]} Kd2
{[%clk 0:08:07]} 85. Ra3 {[%clk 0:02:58]} Ke1 {[%clk 0:08:24]} 86. Ra1+
{[%clk 0:03:20]} Ke2 {[%clk 8:21:20]} 87. Ra3 {[%clk 0:03:47]} 1/2-1/2